Historical dictionary of the Mongol world empire /

Bibliographic Details
Main Author: Buell, Paul D.
Format: Book
Language:English
Published: Lanham, Md. : Scarecrow Press, 2003.
Series:Historical dictionaries of ancient civilizations and historical eras ; no. 8.
Subjects:

MARC

Tag First Indicator Second Indicator Subfields
LEADER 00000cam a22000004a 4500
001 in00001760113
005 20151025071140.0
008 021023s2003 mduab bd 000 0 eng
010 |a  2002152655 
020 |a 0810845717 (Cloth : alk. paper) 
035 |a (OCoLC)ocm50866945 
040 |a DLC  |c DLC  |d YDX  |d OCLCQ  |d TXA  |d UtOrBLW 
042 |a pcc 
043 |a a-mp--- 
049 |a TXAM 
050 0 0 |a DS19  |b .B84 2003 
082 0 0 |a 909/.0494201/03  |2 21 
100 1 |a Buell, Paul D. 
245 1 0 |a Historical dictionary of the Mongol world empire /  |c Paul D. Buell. 
264 1 |a Lanham, Md. :  |b Scarecrow Press,  |c 2003. 
300 |a xliv, 335 pages :  |b illustrations, maps ;  |c 23 cm. 
336 |a text  |b txt  |2 rdacontent 
337 |a unmediated  |b n  |2 rdamedia 
338 |a volume  |b nc  |2 rdacarrier 
490 1 |a Historical dictionaries of ancient civilizations and historical eras ;  |v no. 8 
504 |a Includes bibliographical references (pages 313-333). 
505 1 |a 1. Mongolia before empire -- 2. Mongol empire (1206-1260) -- 3. Qanate china (1260-1368) -- 4. Golden horde -- 5. Chagatay qanate and qaydu -- 6. Ilqanate -- Dictionary. 
536 |a Given in memory of John "Jack" E. Colladay '73 by his Mother Virginia Colladay, May 2003. 
650 0 |a Mongols  |x History  |y To 1500  |v Dictionaries. 
650 0 |a Mongols  |x History  |y To 1500. 
830 0 |a Historical dictionaries of ancient civilizations and historical eras ;  |v no. 8. 
948 |a cataloged  |b h  |c 2003/6/6  |d c  |e eneff  |f 2:04:50 pm 
994 |a E0  |b TXA 
999 |a MARS 
999 f f |s 67258fd0-45d0-3352-86f4-b54ff98bf12f  |i a71ff014-da39-3c18-85aa-2831b8248ae0  |t 0 
952 f f |p ric  |a Texas A&M University  |b Rellis Campus  |c Joint Library Facility  |d Remote Storage  |t 0  |e DS19 .B84 2003  |h Library of Congress classification  |i unmediated -- volume  |m A14829749725 
998 f f |a DS19 .B84 2003  |t 0  |l Remote Storage